| 000 | 00557cam a2200145 4500500 | ||
|---|---|---|---|
| 005 | 20251228053359.0 | ||
| 041 | _afre | ||
| 042 | _adc | ||
| 100 | 1 | 0 |
_aLajoye, Patrice _eauthor |
| 245 | 0 | 0 | _aChristian Boyer, Folklore du boulanger, Paris, L’Harmattan, 2004, 124 p., 14 €, isbn 27475740067 |
| 260 | _c2005. | ||
| 500 | _a20 | ||
| 786 | 0 | _nHistoire & Sociétés Rurales | 24 | 2 | 2005-10-01 | p. 171zj-276zj | 1254-728X | |
| 856 | 4 | 1 | _uhttps://shs.cairn.info/revue-histoire-et-societes-rurales-2005-2-page-171zj?lang=fr&redirect-ssocas=7080 |
| 999 |
_c1585305 _d1585305 |
||